000 00877nas a2200253 4500
001 BR8802839
003 BR-BrBNA
005 20231205091138.0
007 ta
008 230509b bl.|||p| |||| 00| 00por d
040 _aBR-BrBNA
_bpor
_cBiblioteca Nacional de Agricultura
041 _a(Pt)
072 _aH10
100 1 _aSilveira, S.G.P. da
100 1 _aCuri, S.M.
245 1 _aNematoides do genero Hemicycliophora de Man, 1921, associados a cultura de gengibre (Zingiber officinale Rosc.)
246 1 _aSheat nematodes-Hemicycliophora De Man, 1921 - associated with ginger (Zingiber officinale Rosc.)in the state of Bahia
650 _aGENGIBRE
650 _aNEMATOIDE
650 _aNEMATICIDA
773 0 _tBiologico (Brazil)
_xISSN 0366-0567
_g(Dec 1985), v. 51(12) p. 311-313
_wBR8802839
909 _a202311
_bLúcia
_c55
_dLúcia Elande
942 _2AGRIS
_n0
_cANA
999 _c123106
_d123106